Polskie góry po opisie - Statystyki

Ogólne statystyki
  • Ten quiz został rozwiązany 57 razy
  • Średni wynik to 5 z 15
Statystyki odpowiedzi
Opis Szczyt % Poprawnych
Ma wysokość 2499 m n.p.m. Rysy
100%
Nazywany śpiącym rycerzem Giewont
80%
Najniższy szczyt Korony Gór Polski Łysica
59%
Najwyższy szczyt Gór Stołowych Szczeliniec Wielki
46%
Droga na ten szczyt prowadzi przy wodospadzie Kamieńczyk Szrenica
41%
Drugi najniższy szczyt -||- Ślęża
39%
Drugi najwyższy szczyt w Polsce Mięguszowiecki Szczyt Wielki
37%
Inna nazwa: Święty Krzyż Łysa Góra
30%
Trzeci najwyższy szczyt w Polsce Niżne Rysy
26%
Drugi najwyższy szczyt polskich Karkonoszy Wielki Szyszak
26%
Szczyt położony najbliżej Śnieżki Kopa
17%
Szczyt do Korony Gór Polski z Gór Kaczawskich Skopiec
17%
Drugi najwyższy szczyt w Masywie Śnieżnika Mały Śnieżnik
9%
Szczyt do Korony Gór Polski posiadający dwa wierzchołki ...północna i ...południowa Jagodna
7%
Na tym szczycie w Górach Kamiennych znajduje się częściowo drewniana wieża widokowa, otwarta w 2025 roku Dzikowiec
0%
Nie znaleziono quizów pasujących do podanych kryteriów
Rozkład punktacji
Procent ludzi z każdym wynikiem
Percentyl według liczby udzielonych odpowiedzi
Twoja historia wyników
Nie rozwiązałeś tego quizu